Larger than Alaska - Sudden Death - Statistics

General Stats
  • This quiz has been taken 24 times
  • The average score is 2 of 16
Answers on the Grid
Answers color-coded by a green-red scale on the quiz's grid according to % correct below.
Kazakhstan
Mongolia
Xinjiang
Tibet
Sakha Republic
Krasnoyarsk Region
Indonesia
Borneo
Iran
Saudi Arabia
Libya
Sudan
South Sudan
Algeria
Mauritania
Ethiopia
Democratic Republic of the Congo
Greenland
Nunavut
Northwest Territories
Quebec
Mexico
Amazonas
Argentina
Western Australia
Northern Territory
Caribbean Sea
Sea of Japan
Sea of Okhotsk
Bering Sea
 
Answer Stats
Answer % Correct
Kazakhstan
93%
Algeria
14%
Greenland
14%
Libya
14%
Democratic Republic of the Congo
7%
Indonesia
7%
Mexico
7%
Sudan
7%
Argentina
0%
Bering Sea
0%
Caribbean Sea
0%
Krasnoyarsk Region
0%
Nunavut
0%
Sakha Republic
0%
Saudi Arabia
0%
Western Australia
0%
No matching quizzes found
Score Distribution
Percent of People with Each Score
Percentile by Number Answered
Your Score History
You have not taken this quiz